Derecho Civil segundo año. Primera parte. Teoría de las obligaciones. Versiones taquigráficas de la cátedra de Derecho Civil.

Guardat en:
Dades bibliogràfiques
Autor principal: Alessandri Rodríguez, Arturo (autor)
Altres autors: Latorre Zúñiga, Ramón (desarrollo)
Format: Llibre
Idioma:espanyol
Publicat: Santiago, Chile: Zamorano y Caperán, 1934.
Edició:Segunda edición.
Matèries:
Etiquetes: Afegir etiqueta
Sense etiquetes, Sigues el primer a etiquetar aquest registre!

MARC

LEADER 00000cam a2200000 a 4500
001 UCB0058
003 CL-VaPUC
005 20220822114604.0
008 191206e19300000cl spa d
999 |c 436886  |d 436884 
040 |c Pontificia Universidad Católica de Valparaíso 
082 0 4 |a 346.02 ALE 1934  |2 22 
100 |a Alessandri Rodríguez, Arturo  |e autor  |9 605353 
245 1 0 |a Derecho Civil segundo año.   |b Primera parte. Teoría de las obligaciones. Versiones taquigráficas de la cátedra de Derecho Civil.  
250 |a Segunda edición.  
260 |a Santiago, Chile:   |b Zamorano y Caperán,   |c 1934.  
300 |a 466 páginas.  
500 |a c.1 Donación Familia Prof. Alejandro Guzmán Brito.  
583 |a last modification  |c 20191206 10:52:00  |k Yessy Sthefany Diaz Vidal 
650 0 0 |a Derecho civil chileno  |9 320612 
650 0 0 |a Contratos y obligaciones   |9 549588  |x Legislación  |z Chile  
700 |a Latorre Zúñiga, Ramón   |9 872622  |e desarrollo  
942 |c BK  |2 ddc  |n 0 
945 |a dcastane  |d 20191206 10:52:00 
952 |0 0  |1 0  |2 ddc  |4 0  |6 346_020000000000000_ALE_1934  |7 0  |8 C_AGB  |9 584613  |a BIBDER  |b BIBDER  |d 2022-07-11  |e Donación   |i 5652652  |o 346.02 ALE 1934  |p 5652652  |r 2023-01-25  |t 1  |w 2022-07-11  |y BK_US  |k AGB